000 01368nam0a2200313 4500
001 RU\NLR\bibl\1327534
005 20260405183611.0
010 _a978-5-288-04683-4
_9100
021 _aRU
_b2008-99208
_95826
035 _a(NLR Aleph) 001312804
090 _a690254
_c690254
100 _a20090211d2008 |||y0rusy50 ca
101 0 _arus
102 _aRU
105 _aa |||||||||
200 1 _aЛазерно-плазменная аналитическая спектроскопия
_fА.А. Петров, С.В. Ошемков
_gС.-Петерб. гос. ун-т
210 _aСанкт-Петербург
_cИзд-во Санкт-Петербургского университета
_d2008
215 _a314 с.
_cил.
_d20
320 _aБиблиогр.: с. 295-299 (60 назв.), с. 309-310 (8 назв.) и в конце частей
606 1 _aСпектральный анализ лазерный
_91757405
_3RU\NLR\auth\661083191
686 _aГ461.31
700 1 _4070
_8rus
_7ca
_aПетров
_bА. А.
_cд-р техн. наук
_f1925-
_gАркадий Анатольевич
_3RU\NLR\auth\7780177
_963105
701 1 _aОшемков
_bС. В.
_gСергей Викторович
_4070
801 0 _aRU
_bNLR
_c20090211
_gRCR
801 1 _aRU
_bNLR
_c20090211
830 _aАвт. по кн.
942 _cBOOK
980 _aNB